000 00757cam a2200277 4500
008 090401t1986 xxu||||| |||| 00| 0 eng d
020 _a0903808536
035 _a(Sirsi) u11725
041 _aeng
050 _a333.33
100 _aHaxby, Joanna
245 2 _aA market analysis of estate agency in England and Wales
260 _aManchester
_bCentre for Business Research
_c1986
300 _a188p. : ill. ; 30cm.
350 _a125
490 _aBanking & Financial Services Series
650 _aADVERTISING
650 _aHOUSING MARKET
650 _aMANCHESTER BUSINESS SCHOOL
650 _aMARKETING
700 _aNielson, Alan
700 _aRuston, Mike
700 _aPattison, Bridget
_xEditor
942 _n0
948 _c04/03/1997
999 _c86900
_d86900